000 004540000a22001810004500
003 MACL
005 20150920130607.0
008 150920b xxu||||| |||| 00| 0 eng d
040 _aMACL
_cMACL
041 _aEnglish
082 _a891/RAG
100 _aRaghavan, A. Srinivasa
_912372
245 _aNammalvar
_bMakers Of Indian Literature
260 _bSahitya Akademi
_c1983
_aDelhi
350 _a4
650 _aLiterature
_912373
942 _cBK
_k891
_2ddc
999 _c5300
_d5300